<?xml version="1.0" encoding="UTF-8"?>
<record
    xmlns:xsi="http://www.w3.org/2001/XMLSchema-instance"
    xsi:schemaLocation="http://www.loc.gov/MARC21/slim http://www.loc.gov/standards/marcxml/schema/MARC21slim.xsd"
    xmlns="http://www.loc.gov/MARC21/slim">

  <leader>02105nam a22002417a 4500</leader>
  <controlfield tag="005">20230128115054.0</controlfield>
  <controlfield tag="008">230128b           ||||| |||| 00| 0 eng d</controlfield>
  <datafield tag="020" ind1=" " ind2=" ">
    <subfield code="a">9781847941398</subfield>
  </datafield>
  <datafield tag="040" ind1=" " ind2=" ">
    <subfield code="c">AL</subfield>
  </datafield>
  <datafield tag="041" ind1=" " ind2=" ">
    <subfield code="a">English</subfield>
  </datafield>
  <datafield tag="082" ind1=" " ind2=" ">
    <subfield code="2">23</subfield>
    <subfield code="a">330</subfield>
    <subfield code="b">RAWD</subfield>
  </datafield>
  <datafield tag="100" ind1=" " ind2=" ">
    <subfield code="a">Kate Raworth</subfield>
    <subfield code="9">70088</subfield>
  </datafield>
  <datafield tag="245" ind1=" " ind2=" ">
    <subfield code="a">Doughnut Economics: Seven Ways to Think Like a 21st-Century Economist</subfield>
  </datafield>
  <datafield tag="260" ind1=" " ind2=" ">
    <subfield code="a">UK</subfield>
    <subfield code="b">Penguin Books</subfield>
    <subfield code="c">2022</subfield>
  </datafield>
  <datafield tag="300" ind1=" " ind2=" ">
    <subfield code="a">viii,376 p.</subfield>
    <subfield code="b">PB</subfield>
    <subfield code="c">20x13 cm.</subfield>
  </datafield>
  <datafield tag="365" ind1=" " ind2=" ">
    <subfield code="a">ABDI/0648/23</subfield>
    <subfield code="b">&#x20B9;862.00</subfield>
    <subfield code="c">&#xA3;10.99</subfield>
    <subfield code="d">&#x20B9;1149.55</subfield>
    <subfield code="e">25%</subfield>
    <subfield code="f">16-01-2023</subfield>
  </datafield>
  <datafield tag="520" ind1=" " ind2=" ">
    <subfield code="a">The book that redefines economics for a world in crisis.
Relentless financial crises. Extreme inequalities in wealth. Remorseless pressure on the environment. Anyone can see that our economic system is broken. But can it be fixed?
In Doughnut Economics, Oxford academic Kate Raworth identifies the seven critical ways in which mainstream economics has led us astray - from selling us the myth of 'rational economic man' to obsessing over growth at all costs - and offers instead an alternative roadmap for bringing humanity into a sweet spot that meets the needs of all within the means of the planet. Ambitious, radical and provocative, she offers a new cutting-edge economic model fit for the challenges of the 21st century.
*The Sunday Times Bestseller*
*A Financial Times and Forbes Book of the Year*
*Winner of the Transmission Prize 2018*
*Longlisted for the FT/McKinsey Business Book of the Year Award 2017*
The John Maynard Keynes of the 21st century.' George Monbiot, Guardian
This is sharp, significant scholarship . . . Thrilling.' Times Higher Education
'Raworth's magnum opus . . . Fascinating.' Books of the Year, Forbes
'[Raworth's] biggest question . . . is one that terrifies all mainstream economists: is 'growth' endless?' Andrew Marr, Spectator
A compelling and timely intervention.' Caroline Lucas MP, Books of the Year, The Ecologist</subfield>
  </datafield>
  <datafield tag="650" ind1=" " ind2=" ">
    <subfield code="a">Sustainable Development</subfield>
    <subfield code="9">70075</subfield>
  </datafield>
  <datafield tag="650" ind1=" " ind2=" ">
    <subfield code="a">Economic Development</subfield>
    <subfield code="9">70076</subfield>
  </datafield>
  <datafield tag="650" ind1=" " ind2=" ">
    <subfield code="a">Economic Forecasting</subfield>
    <subfield code="9">70077</subfield>
  </datafield>
  <datafield tag="700" ind1=" " ind2=" ">
    <subfield code="a">RAWORTH (Kate)</subfield>
    <subfield code="9">70078</subfield>
  </datafield>
  <datafield tag="942" ind1=" " ind2=" ">
    <subfield code="2">ddc</subfield>
    <subfield code="c">BK</subfield>
  </datafield>
  <datafield tag="999" ind1=" " ind2=" ">
    <subfield code="c">226464</subfield>
    <subfield code="d">226464</subfield>
  </datafield>
  <datafield tag="952" ind1=" " ind2=" ">
    <subfield code="0">0</subfield>
    <subfield code="1">0</subfield>
    <subfield code="2">ddc</subfield>
    <subfield code="4">0</subfield>
    <subfield code="7">0</subfield>
    <subfield code="8">ECO</subfield>
    <subfield code="a">AL</subfield>
    <subfield code="b">AL</subfield>
    <subfield code="d">2023-01-24</subfield>
    <subfield code="e">Academic Book Distributors Ramanagaram 562159</subfield>
    <subfield code="g">862.00</subfield>
    <subfield code="l">1</subfield>
    <subfield code="o">330 RAWD</subfield>
    <subfield code="p">076353</subfield>
    <subfield code="r">2023-05-03 00:00:00</subfield>
    <subfield code="s">2023-04-27</subfield>
    <subfield code="v">1149.55</subfield>
    <subfield code="w">2023-01-28</subfield>
    <subfield code="y">BK</subfield>
  </datafield>
</record>
